Khoa học & Công nghệ
Ngưng xuất bản từ 1/2016
में बचाया:
| अन्य लेखक: | |
|---|---|
| स्वरूप: | पुस्तक |
| भाषा: | Undetermined |
| प्रकाशित: |
Hà Nội
|
| विषय: | |
| ऑनलाइन पहुंच: | http://lrc.tdmu.edu.vn/opac/search/detail.asp?aID=2&ID=6875 |
| टैग : |
टैग जोड़ें
कोई टैग नहीं, इस रिकॉर्ड को टैग करने वाले पहले व्यक्ति बनें!
|
| Thư viện lưu trữ: | Trung tâm Học liệu Trường Đại học Thủ Dầu Một |
|---|
| LEADER | 00598nam a2200169Ia 4500 | ||
|---|---|---|---|
| 001 | TDMU_6875 | ||
| 008 | 210410s9999 xx 000 0 und d | ||
| 082 | |a NULL | ||
| 245 | 0 | |a Khoa học & Công nghệ | |
| 245 | 0 | |c Thông tấn xã Việt Nam | |
| 260 | |a Hà Nội | ||
| 300 | |a 24tr | ||
| 520 | |a Ngưng xuất bản từ 1/2016 | ||
| 650 | |a Tuần báo Khoa học & Công nghệ | ||
| 700 | |a Thông tấn xã Việt Nam | ||
| 856 | |u http://lrc.tdmu.edu.vn/opac/search/detail.asp?aID=2&ID=6875 | ||
| 980 | |a Trung tâm Học liệu Trường Đại học Thủ Dầu Một | ||